[Event "Arco op 44th"]
[Site "Arco"]
[Date "2022.10.10"]
[Round "3"]
[White "Joerges, Frank"]
[Black "Schoch, Heinz1111"]
[Result "1/2-1/2"]
[WhiteElo "1822"]
[BlackElo "1598"]
[PlyCount "66"]
[EventDate "2022.10.08"]
[EventType "swiss"]
[EventRounds "9"]
[EventCountry "ITA"]
[SourceTitle "CBM 210 Extra"]
[Source "ChessBase"]
[SourceDate "2022.11.30"]
[SourceVersion "1"]
[SourceVersionDate "2022.11.30"]
[SourceQuality "1"]

1. d4 d5 2. Nf3 Nf6 3. Bf4 e6 4. e3 Bd6 5. Bg3 c5 6. c3 0-0 7. Nbd2 Nc6 8. Be2 b6 9. 0-0 Bb7 10. Ne5 Qc7 11. f4 Ne7 12. Rc1 Nf5 13. Bf2 Be7 14. Bf3 Nd6 15. Qa4 b5 16. Qc2 c4 17. h3 a6 18. Rfe1 Nfe4 19. Nxe4 Nxe4 20. Bxe4 dxe4 21. Bg3 Qd8 22. Qe2 f6 23. Ng4 Qd5 24. Rf1 Bc6 25. Nf2 Be8 26. Bh2 h5 27. g4 hxg4 28. hxg4 Bg6 29. Nh1 Kf7 30. Ng3 f5 31. g5 Rh8 32. Rf2 Rh3 33. Rg2 Rah8 1/2-1/2

[Event "Arco op 37th"]
[Site "Arco"]
[Date "2015.10.10"]
[Round "1"]
[White "Joerges, Frank"]
[Black "Bartiromo, Gerardo"]
[Result "1-0"]
[WhiteElo "1946"]
[BlackElo "1611"]
[PlyCount "72"]
[EventDate "2015.10.10"]
[EventType "swiss"]
[EventRounds "9"]
[EventCountry "ITA"]
[SourceTitle "CBM 168 Extra"]
[Source "ChessBase"]
[SourceDate "2015.10.29"]
[SourceVersion "1"]
[SourceVersionDate "2015.10.29"]
[SourceQuality "1"]

1. d4 Nf6 2. Nf3 g6 3. c4 d6 4. Nc3 Bg7 5. e4 Nbd7 6. Be2 c5 7. d5 0-0 8. 0-0 a6 9. a4 Ng4 10. h3 Nge5 11. Nxe5 Bxe5 12. Bh6 Re8 13. Qd2 e6 14. dxe6 fxe6 15. Bg5 Qc7 16. Rad1 Bd4 17. Be3 e5 18. Nd5 Qc6 19. b3 Kh8 20. Bh6 Nb6 21. Qg5 Re6 22. Qd8+ Qe8 23. Qxe8+ Rxe8 24. Nxb6 Rb8 25. Nxc8 Rbxc8 26. Rd3 Rc7 27. Rf3 Kg8 28. Rd1 Rf7 29. Rxf7 Kxf7 30. Rd3 Kf6 31. Rf3+ Ke6 32. Bg5 Kd7 33. Rf7+ Kc6 34. Bg4 Kb6 35. Bd7 Rg8 36. Be6 Rd8 1-0

[Event "Arco op 35th"]
[Site "Arco"]
[Date "2013.10.13"]
[Round "2"]
[White "Joerges, Frank"]
[Black "Huemmer, Bernd"]
[Result "0-1"]
[WhiteElo "1926"]
[BlackElo "2195"]
[PlyCount "57"]
[EventDate "2013.10.12"]
[EventType "swiss"]
[EventRounds "9"]
[EventCountry "ITA"]
[SourceTitle "CBM 156 Extra"]
[Source "ChessBase"]
[SourceDate "2013.10.22"]
[SourceVersion "1"]
[SourceVersionDate "2013.10.22"]
[SourceQuality "1"]

1. d4 Nf6 2. c4 e6 3. Nc3 Bb4 4. a3 Bxc3+ 5. bxc3 0-0 6. Qc2 d6 7. e4 e5 8. d5 Nbd7 9. h3 Nc5 10. Bd3 Bd7 11. Be3 b6 12. Bxc5 bxc5 13. Ne2 Rb8 14. 0-0 Qc8 15. f4 Rb6 16. g4 Bxg4 17. hxg4 Qxg4+ 18. Kf2 exf4 19. Rh1 Qg5 20. Rag1 Ng4+ 21. Rxg4 Qxg4 22. Rg1 Qh4+ 23. Kf3 g5 24. Qc1 Qh3+ 25. Ng3 Rfb8 26. Bf1 Qh4 27. Nf5 Qh5+ 28. Rg4 Rb1 29. Ne7+ 0-1

[Event "Arco op 33rd"]
[Site "Arco"]
[Date "2011.10.27"]
[Round "6"]
[White "Cavatorta, Ivan"]
[Black "Joerges, Frank"]
[Result "0-1"]
[WhiteElo "1808"]
[BlackElo "1923"]
[PlyCount "66"]
[EventDate "2011.10.22"]
[EventType "swiss"]
[EventRounds "9"]
[EventCountry "ITA"]
[SourceTitle "EXT 2012"]
[Source "ChessBase"]
[SourceDate "2011.11.24"]
[SourceVersion "1"]
[SourceVersionDate "2011.11.24"]
[SourceQuality "1"]

1. e4 d5 2. exd5 Qxd5 3. Nc3 Qd6 4. d4 Nf6 5. Nf3 a6 6. a4 Bg4 7. Be2 e6 8. 0-0 Nc6 9. Be3 Be7 10. Qd2 0-0 11. Rad1 Rad8 12. Qc1 Qb4 13. b3 Bxf3 14. Na2 Bxe2 15. Nxb4 Bxb4 16. c3 Bd6 17. Rfe1 Bxd1 18. Qxd1 Nd5 19. c4 Nxe3 20. fxe3 e5 21. d5 Ne7 22. Rf1 e4 23. Qd4 f5 24. c5 Bxh2+ 25. Kxh2 Nxd5 26. g4 Nf6 27. Qc4+ Kh8 28. Qe6 Nxg4+ 29. Kg3 Nxe3 30. Rh1 Ng4 31. Qg6 h6 32. Kg2 Rf6 33. Qg5 Rd3 0-1

[Event "Arco op 33rd"]
[Site "Arco"]
[Date "2011.10.26"]
[Round "5"]
[White "Joerges, Frank"]
[Black "Pedrotti, Luciano"]
[Result "1/2-1/2"]
[WhiteElo "1923"]
[BlackElo "1801"]
[PlyCount "56"]
[EventDate "2011.10.22"]
[EventType "swiss"]
[EventRounds "9"]
[EventCountry "ITA"]
[SourceTitle "EXT 2012"]
[Source "ChessBase"]
[SourceDate "2011.11.24"]
[SourceVersion "1"]
[SourceVersionDate "2011.11.24"]
[SourceQuality "1"]

1. d4 Nf6 2. Nf3 e6 3. e3 Be7 4. Bd3 0-0 5. Nbd2 d5 6. c3 Nbd7 7. 0-0 c5 8. Qe2 Re8 9. e4 cxd4 10. cxd4 dxe4 11. Nxe4 Nxe4 12. Qxe4 Nf8 13. Bd2 f5 14. Qe2 Bf6 15. Bc3 Bd7 16. Ne5 Bxe5 17. dxe5 Bc6 18. Bb5 Qb6 19. Bxc6 Qxc6 20. Rac1 Ng6 21. g3 f4 22. f3 a6 23. Kg2 Rac8 24. a3 fxg3 25. hxg3 Qd5 26. Rcd1 Qb3 27. Rd3 Qb5 28. Qe4 Rc4 1/2-1/2

[Event "Arco op 32nd"]
[Site "Arco"]
[Date "2010.10.24"]
[Round "9"]
[White "Joerges, Frank"]
[Black "Prelati, Maurizio"]
[Result "1-0"]
[WhiteElo "1955"]
[BlackElo "2111"]
[PlyCount "78"]
[EventDate "2010.10.16"]
[EventType "swiss"]
[EventRounds "9"]
[EventCountry "ITA"]
[SourceTitle "CBM 138 Extra"]
[Source "ChessBase"]
[SourceDate "2010.10.29"]
[SourceVersion "1"]
[SourceVersionDate "2010.10.29"]
[SourceQuality "1"]

1. d4 d5 2. Nf3 Nf6 3. e3 Bf5 4. c4 c6 5. Nc3 e6 6. Bd3 Bg6 7. cxd5 exd5 8. Ne5 Nbd7 9. Nxg6 hxg6 10. Qb3 Qc7 11. h3 Bd6 12. Bd2 Nb6 13. Rc1 Qe7 14. Na4 Nxa4 15. Qxa4 Kf8 16. b4 Ne4 17. b5 c5 18. Bxe4 Qxe4 19. f3 Qh4+ 20. Ke2 Re8 21. g4 c4 22. Bb4 Qe7 23. Bxd6 Qxd6 24. Qxa7 b6 25. Kf2 g5 26. Rc3 Kg8 27. Qa3 Qc7 28. Qb2 Rh6 29. Qc2 Rf6 30. h4 Rh6 31. h5 Rf6 32. Kg2 Rfe6 33. Re1 Qe7 34. a3 g6 35. hxg6 Rxg6 36. Rh1 Kg7 37. Qf5 Qd6 38. Rh5 f6 39. Qb1 Rh8 1-0

[Event "Arco op 32nd"]
[Site "Arco"]
[Date "2010.10.22"]
[Round "7"]
[White "Joerges, Frank"]
[Black "Zangrando, Gianpietro"]
[Result "1-0"]
[WhiteElo "1955"]
[BlackElo "1822"]
[PlyCount "71"]
[EventDate "2010.10.16"]
[EventType "swiss"]
[EventRounds "9"]
[EventCountry "ITA"]
[SourceTitle "EXT 2024"]
[Source "ChessBase"]
[SourceDate "2023.10.10"]
[SourceVersion "1"]
[SourceVersionDate "2023.10.10"]
[SourceQuality "1"]

1. d4 e6 2. Nf3 f5 3. e3 Nf6 4. c4 d5 5. Bd3 c6 6. 0-0 Bd6 7. b3 Qe7 8. Bb2 0-0 9. Qc1 Bd7 10. Ba3 Bxa3 11. Qxa3 Qxa3 12. Nxa3 Ne4 13. Ne5 Be8 14. cxd5 exd5 15. Rac1 Nd7 16. f4 Ndf6 17. h3 h5 18. Bxe4 Nxe4 19. h4 Rc8 20. b4 Rf6 21. Nb1 b6 22. Nc3 Nd2 23. Nxd5 Re6 24. Rfd1 Ne4 25. Nc3 Nxc3 26. Rxc3 Bf7 27. Rdc1 Re7 28. Nxc6 Rxc6 29. Rxc6 Rxe3 30. Rc8+ Kh7 31. R8c7 Bd5 32. R1c3 Re4 33. Rg3 Rxf4 34. Rcxg7+ Kh8 35. R7g5 Rxh4 36. Rh3 1-0

[Event "Arco op 32nd"]
[Site "Arco"]
[Date "2010.10.18"]
[Round "3"]
[White "Joerges, Frank"]
[Black "Mumelter, Igor"]
[Result "1/2-1/2"]
[WhiteElo "1955"]
[BlackElo "1839"]
[PlyCount "90"]
[EventDate "2010.10.16"]
[EventType "swiss"]
[EventRounds "9"]
[EventCountry "ITA"]
[SourceTitle "EXT 2024"]
[Source "ChessBase"]
[SourceDate "2023.10.10"]
[SourceVersion "1"]
[SourceVersionDate "2023.10.10"]
[SourceQuality "1"]

1. d4 Nf6 2. c4 e6 3. Nc3 Bb4 4. Bd2 Bxc3 5. Bxc3 Ne4 6. Qc2 Nxc3 7. Qxc3 d5 8. e3 0-0 9. Nf3 Nd7 10. Rc1 c6 11. Bd3 dxc4 12. Bxc4 b6 13. 0-0 c5 14. d5 exd5 15. Bxd5 Rb8 16. Rfd1 Bb7 17. Bxb7 Rxb7 18. Qd3 Qe7 19. Qd6 Nf6 20. Qxe7 Rxe7 21. Rd3 h6 22. Kf1 Rc8 23. Rcd1 g6 24. h3 Kg7 25. Ng1 Rcc7 26. Ne2 Rcd7 27. Nc3 Rxd3 28. Rxd3 Rc7 29. Ke2 Re7 30. Nb5 a6 31. Nc3 Ne4 32. Nd5 Re6 33. Nc7 Rc6 34. Nxa6 b5 35. Nb8 Rc8 36. Nd7 c4 37. Rd4 c3 38. bxc3 Nxc3+ 39. Kf3 Nxa2 40. Nb6 Rc6 41. Nd5 Rd6 42. e4 b4 43. Rd2 Nc3 44. Rb2 Nxd5 45. exd5 Rxd5 1/2-1/2

[Event "Karl Mala Memorial op 12th"]
[Site "Frankfurt"]
[Date "2009.07.19"]
[Round "7"]
[White "Joerges, Frank"]
[Black "Michalowski, Peter"]
[Result "1-0"]
[WhiteElo "1971"]
[BlackElo "2036"]
[PlyCount "41"]
[EventDate "2009.07.16"]
[EventType "swiss"]
[EventRounds "7"]
[EventCountry "GER"]
[SourceTitle "EXT 2010"]
[Source "ChessBase"]
[SourceDate "2010.11.25"]
[SourceVersion "1"]
[SourceVersionDate "2010.11.25"]
[SourceQuality "1"]

1. d4 g6 2. c4 Bg7 3. Nc3 d6 4. e4 Nc6 5. Be3 Nf6 6. Be2 Bd7 7. f4 e5 8. fxe5 dxe5 9. d5 Ne7 10. h3 c6 11. d6 Nc8 12. Nf3 Qa5 13. Qd2 0-0 14. c5 Ne8 15. a3 Qd8 16. 0-0 b6 17. b4 a5 18. Bc4 Kh8 19. Ng5 Kg8 20. Nxf7 Qh4 21. Nxe5+ 1-0

[Event "Friedrichroda op 12th"]
[Site "Friedrichroda"]
[Date "2008.08.07"]
[Round "3"]
[White "Krutsch, Thomas"]
[Black "Joerges, Frank"]
[Result "0-1"]
[WhiteElo "1433"]
[BlackElo "2018"]
[PlyCount "74"]
[EventDate "2008.08.06"]
[EventType "swiss"]
[EventRounds "7"]
[EventCountry "GER"]
[SourceTitle "CBM 126 Extra"]
[Source "ChessBase"]
[SourceDate "2008.11.05"]
[SourceVersion "1"]
[SourceVersionDate "2008.11.05"]
[SourceQuality "1"]
[WhiteTeam "Attikis Aspropirgos (W)"]
[BlackTeam "Attikis Aspropirgos (W)"]
[WhiteTeamCountry "GRE"]
[BlackTeamCountry "GRE"]

1. d4 d5 2. Nf3 Nf6 3. c4 c6 4. Nc3 dxc4 5. a4 Bf5 6. e3 h6 7. Bxc4 e6 8. Bd3 Bxd3 9. Qxd3 Nbd7 10. 0-0 Be7 11. Rd1 0-0 12. e4 Qc7 13. Be3 Ng4 14. e5 Nxe3 15. Qxe3 Rfd8 16. Rac1 Qb6 17. Rb1 Qa5 18. b3 Nb6 19. Na2 Nd5 20. Qd2 Qxd2 21. Rxd2 Rd7 22. b4 a6 23. Rd3 Kf8 24. Rdb3 g5 25. h3 h5 26. g4 f5 27. exf6 Bxf6 28. Ne5 Bxe5 29. dxe5 hxg4 30. hxg4 Nf4 31. Nc3 Rd4 32. f3 Kg7 33. Ne4 Kg6 34. Kf2 Rd5 35. Nd6 Rh8 36. Ke3 Rxe5+ 37. Kd4 Rd5+ 0-1